00397nam a2200157Ia 4500008004100000020001500041041001200056082001600068100001900084245004700103250000800150260003700158300000800195650001800203700001800221221030s9999 xx 000 0 und d a8129702576 aEnglish a105.23bMcn aB. C. Mcnurlin 0aInformation Systems Management In Practice a6th bPearson EducationaDelhic2004 a582 aMBA Computers aR. H. Sprague